Central Library OPAC University of Rajshahi

ادبی جائزے ;;; adbi jaize / (Record no. 85576)

MARC details
000 -LEADER
fixed length control field 00541nam a2200193 4500
001 - CONTROL NUMBER
control field 85576
003 - CONTROL NUMBER IDENTIFIER
rucl marc code BD-RjUL
005 - DATE AND TIME OF LATEST TRANSACTION
control field 20250826130219.0
008 - FIXED-LENGTH DATA ELEMENTS--GENERAL INFORMATION
fixed length control field 250826s1965 pk ||||| |||| 00| 0 urd d
035 ## - SYSTEM CONTROL NUMBER
System control number (BD-RjUL) 85576
040 ## - CATALOGING SOURCE
Original cataloging agency BD-RjUL
Language of cataloging eng
Transcribing agency BD-RjUL
041 ## - LANGUAGE CODE
Language code of text/sound track or separate title urd
082 ## - DEWEY DECIMAL CLASSIFICATION NUMBER
Edition number 23
Classification number 891.43909
Author mark and year KHA 1965
245 ## - TITLE STATEMENT
Title ادبی جائزے ;;; adbi jaize /
Statement of responsibility, etc. غللام مصطفے خاں ;;; Ghulam Mustafa Khan
260 ## - PUBLICATION, DISTRIBUTION, ETC. (IMPRINT)
Place of publication, distribution, etc. Karachi :
Name of publisher, distributor, etc. Al-kitab
Date of publication, distribution, etc. 1996
300 ## - PHYSICAL DESCRIPTION
Pagination 640 p.;
Size 17 cm
650 ## - SUBJECT ADDED ENTRY--TOPICAL TERM
Topical term or geographic name as entry element literature
942 ## - ADDED ENTRY ELEMENTS (KOHA)
Source of classification or shelving scheme Dewey Decimal Classification
Koha item type Books
Holdings
Lost status Source of classification or shelving scheme Damaged status Not for loan Collection code Permanent Location Current Location Shelving location Date acquired Source of acquisition Cost, normal purchase price Total Checkouts Full call number Date last seen Copy number Koha item type
  Dewey Decimal Classification   Not For Loan Non-fiction Central Library, University of Rajshahi Central Library, University of Rajshahi Reading Room 13/05/1969 Sh. Mubarak ali 4.25   U 891.43909 KHA 1965 26/08/2025 C-1 Books
  Dewey Decimal Classification     Non-fiction Central Library, University of Rajshahi Central Library, University of Rajshahi General Stacks 07/10/1971 Sh. Mubarak ali 4.25   U 891.43909 KHA 1965 15/09/2025 C-2 Books